[Event "Dauphine Savoie-ch"]
[Site "Eybens Chambery"]
[Date "2014.05.24"]
[Round "1"]
[White "Revil Baudard, Didier"]
[Black "Hamou, Fodil"]
[Result "1-0"]
[WhiteElo "1738"]
[BlackElo "1817"]
[PlyCount "61"]
[EventDate "2014.05.24"]
[EventType "swiss"]
[EventRounds "7"]
[EventCountry "FRA"]
[SourceTitle "EXT 2015"]
[Source "ChessBase"]
[SourceDate "2014.11.20"]
[SourceVersion "1"]
[SourceVersionDate "2014.11.20"]
[SourceQuality "1"]

1. e4 e5 2. Nf3 Nc6 3. Bb5 a6 4. Ba4 Nf6 5. 0-0 Be7 6. d3 b5 7. Bb3 0-0 8. c3 d6 9. Re1 Nb8 10. a4 Bb7 11. axb5 axb5 12. Rxa8 Bxa8 13. Na3 c6 14. Bg5 Nbd7 15. Nh4 g6 16. Bh6 Re8 17. Nf3 Ng4 18. Bc1 Nc5 19. Ba2 Nf6 20. Ng5 Rf8 21. b4 Ncd7 22. f4 exf4 23. Bxf4 Nh5 24. Nxf7 Rxf7 25. Bxf7+ Kxf7 26. Bh6 Ng7 27. d4 Kg8 28. Qb3+ Kh8 29. Rf1 Nf6 30. Qf7 Nge8 31. Rxf6 1-0

[Event "Lyon op"]
[Site "Lyon"]
[Date "2007.10.31"]
[Round "1"]
[White "Doncea, Vladimir"]
[Black "Revil Baudard, Didier"]
[Result "1-0"]
[WhiteElo "2451"]
[BlackElo "1782"]
[PlyCount "81"]
[EventDate "2007.10.31"]
[EventType "swiss"]
[EventRounds "9"]
[EventCountry "FRA"]
[SourceTitle "EXT 2008"]
[Source "ChessBase"]
[SourceDate "2007.11.25"]
[SourceVersion "1"]
[SourceVersionDate "2007.11.25"]
[SourceQuality "1"]

1. d4 Nf6 2. c4 g6 3. Nc3 Bg7 4. e4 d6 5. Be2 0-0 6. Bg5 Nbd7 7. Nf3 c5 8. d5 Ng4 9. Qd2 f6 10. Bf4 Nge5 11. 0-0 Nxf3+ 12. Bxf3 Ne5 13. Be2 Nf7 14. h3 Bd7 15. g4 Qa5 16. Kg2 a6 17. a4 Rae8 18. Ra3 Qc7 19. a5 Qc8 20. f3 Qc7 21. Rb1 Ne5 22. Be3 f5 23. f4 fxg4 24. fxe5 gxh3+ 25. Kh1 Bxe5 26. Nd1 Qc8 27. Nf2 h2 28. Nd3 Bg3 29. Bh6 Bh3 30. Qe3 Bh4 31. Bxf8 Rxf8 32. Kxh2 Bg4 33. Rg1 Bxe2 34. Qxe2 e5 35. Raa1 g5 36. Raf1 Qe8 37. Qg4 Rxf1 38. Rxf1 h5 39. Qe6+ Qxe6 40. dxe6 g4 41. Rf5 1-0